00826nam a2200241Ia 4500001000600000003000900006008004100015040001300056040001300069041001300082100001700095100002900112245002100141245006300162250001100225260001100236260001400247260004900261300005600310500015600366650003100522650003100553 1166IT-RoPAU130308s9999 xx 000 0 und d aIT-RoPAU cIT-RoPAU aITALIANO aMarie Michel gCodice Aut. SPICS: 4164 aAnalisi testuale bAttraverso Il Cinema-Semiologia, Lessico, Lettura del Film a1a ed. aMILANO bLonganesi c1978 [1° Ed.:1978 - Ed.Ling.Originale:1975] a"10 p. (prefazione: no ; testo: 10 [pagine: 7-16])" aLinguaggio Cinematografico e Scrittura Filmica nozione di testo Filmico Descrizione e Analisi Scrittura e significazione una Teoria del testo Moderno aLINGUAGGIO CINEMATOGRAFICO eCodice materia Spics: 6804